LEADER 01491nam 2200433 450 001 000002654 005 20090305115000.0 100 $a20001102d1916----km-y0itay0103----ba 101 0 $aeng 102 $aUS 200 1 $aAdventures in friendship$fby David Grayson$gillustrated by Thomas Fogarty 200 1 $a1 $n0003980 210 $aGarden City (N.Y.)$cDoubleday, Page$d1916 215 $a232 p., [1] c. di tav.$cill.$d19 cm. 606 $aVita sociale e costumi$yMassachusetts$zSec. 20 676 $a814 700 1$aGrayson,$bDavid$0438973 702 $aFogarty,$bThomas 801 0$aIT$bUniversità della Basilicata - B.I.A.$gRICA$2unimarc 912 $a000002654 996 $aAdventures in friendship$971256 997 $aUNIBAS BAS $aMONLET BAS $aMONOGR BAS $aLETTERE CAT $aLONGO$b01$c19990908$lBAS01$h1047 CAT $aLONGO$b01$c19990908$lBAS01$h1050 CAT $c20000920$lBAS01$h1830 CAT $c20001010$lBAS01$h1633 CAT $aTROMBONE$b20$c20001102$lBAS01$h1307 CAT $c20050601$lBAS01$h1753 CAT $abatch$b01$c20050718$lBAS01$h1047 CAT $c20050718$lBAS01$h1106 CAT $c20050718$lBAS01$h1136 CAT $c20050718$lBAS01$h1151 CAT $aBATCH$b00$c20070503$lBAS01$h1733 CAT $aATR$b40$c20090305$lBAS01$h1150 FMT Z30 -1$lBAS01$LBAS01$mBOOK$1BASA1$APolo Storico-Umanistico$2GEN$BCollezione generale$3FP/3208$9FP/3208$63208$5L3208$819990908$f02$FPrestabile Generale LEADER 01111cam0 22003013 450 001 SOB020973 005 20121106094147.0 010 $a8470394886 100 $a03.07.07d1987 |||||ita|0103 ba 101 $aspa 102 $aSP 200 1 $aPoemas Humanos$aEspaña, aparta de mí este cáliz$fCésar Vallejo$gedición, introducción y notas de Francisco Martínez García 210 $aMadrid$cEditorial Castalia$d1987 215 $a270 p.$cill.$d18 cm 225 2 $aClásicos Castalia$v159 410 1$1001LAEC00015905$12001 $a*Clásicos Castalia$v159 700 1$aVallejo$b, César$3AF00013087$4070$0385000 702 1$aMartínez García, Francisco$3AF00023166$4070 801 0$aIT$bUNISOB$c20121106$gRICA 850 $aUNISOB 852 $aUNISOB$j860|Coll|3|K$m111390 912 $aSOB020973 940 $aM 102 Monografia moderna SBN 941 $aM 957 $a860|Coll|3|K$b000159$gSI$d111390$racquisto$tN$1vittorini$2UNISOB$3UNISOB$420121106093801.0$520121106093852.0$6vittorini 996 $aEspaña, aparta de mí este cáliz$9100146 996 $aPoemas humanos$9100145 997 $aUNISOB